Plus grandes villes françaises par lettre - Statistiques

Statistiques générales
  • Ce quiz a été pris 140 fois
  • Le résultat moyen est 49 sur 130
Statistiques - réponses
Lettre Département Ville % Correct
B 33 Bordeaux
88%
L 69 Lyon
85%
M 13 Marseille
85%
P 75 Paris
85%
A 49 Angers
81%
L 59 Lille
80%
B 29 Brest
79%
N 44 Nantes
79%
R 35 Rennes
79%
A 80 Amiens
78%
S 67 Strasbourg
76%
N 06 Nice
75%
C 14 Caen
74%
D 21 Dijon
74%
G 38 Grenoble
74%
M 34 Montpellier
74%
T 31 Toulouse
69%
A 74 Annecy
68%
O 45 Orléans
68%
Q 29 Quimper
68%
R 76 Rouen
68%
T 83 Toulon
68%
A 13 Aix-en-Provence
67%
R 51 Reims
67%
S 93 | 974 Saint-Denis
67%
C 63 Clermont-Ferrand
66%
D 59 Dunkerque
66%
T 37 Tours
66%
B 25 Besançon
64%
N 54 Nancy
64%
N 30 Nîmes
63%
L 76 Le Havre
62%
M 57 Metz
62%
P 66 Perpignan
62%
S 42 Saint-Étienne
61%
M 68 Mulhouse
59%
V 26 Valence
56%
V 69 Villeurbanne
56%
F 972 Fort-de-France
55%
B 92 Boulogne-Billancourt
54%
E 91 Évry-Courcouronnes
54%
P 64 Pau
54%
P 86 Poitiers
54%
L 87 Limoges
52%
H 83 Hyères
51%
B 34 Béziers
50%
G 05 Gap
50%
L 72 Le Mans
50%
R 59 Roubaix
50%
V 78 Versailles
50%
T 59 Tourcoing
49%
E 27 Évreux
47%
T 10 Troyes
45%
C 94 Créteil
44%
I 94 Ivry-sur-Seine
44%
N 92 Nanterre
44%
F 83 Fréjus
41%
I 13 Istres
41%
D 59 Douai
39%
E 88 Épinal
38%
O 84 Orange
38%
A 95 Argenteuil
37%
I 92 Issy-les-Moulineaux
37%
S 974 Saint-Paul
37%
D 83 Draguignan
35%
G 06 Grasse
34%
M 93 Montreuil
34%
V 69 Vénissieux
34%
P 33 Pessac
32%
U 30 Uzès
32%
K 973 Kourou
31%
C 92 Colombes
29%
E 38 Échirolles
29%
Q 29 Quimperlé
29%
D 93 Drancy
26%
H 67 Haguenau
26%
J 37 Joué-lès-Tours
26%
I 63 Issoire
25%
W 59 Wattrelos
23%
C 92 Courbevoie
22%
G 95 Garges-lès-Gonesse
21%
O 94 Orly
21%
U 19 Ussel
21%
G 92 Gennevilliers
18%
J 91 Juvisy-sur-Orge
18%
R 92 Rueil-Malmaison
18%
Y 91 Yerres
18%
O 44 Orvault
17%
J 94 Joinville-le-Pont
16%
V 94 Vitry-sur-Seine
16%
E 93 Épinay-sur-Seine
15%
U 64 Urrugne
15%
I 67 Illkirch-Graffenstaden
14%
O 69 Oullins-Pierre-Bénite
14%
F 94 Fontenay-sous-Bois
13%
W 59 Wasquehal
12%
W 57 Woippy
12%
H 62 Hénin-Beaumont
11%
F 94 Fresnes
10%
F 95 Franconville
9%
J 95 Jouy-le-Moutier
9%
K 976 Koungou
9%
W 59 Wattignies
9%
Y 43 Yssingeaux
9%
Z 2A Zonza
9%
H 78 Houilles
8%
J 34 Juvignac
8%
Q 21 Quetigny
8%
Y 03 Yzeure
8%
H 95 Herblay-sur-Seine
7%
Z 59 Zuydcoote
7%
X 88 Xonrupt-Longemer
6%
Y 76 Yvetot
6%
U 64 Ustaritz
5%
W 68 Wittenheim
5%
Y 57 Yutz
5%
K 68 Kingersheim
4%
Q 91 Quincy-sous-Sénart
4%
X 88 Xertigny
4%
K 56 Kervignac
3%
Q 56 Quéven
3%
U 42 Unieux
3%
X 85 Xanton-Chasseron
2%
Z 68 Zilisheim
2%
X 54 Xermaménil
1%
Z 62 Zutkerque
1%
K 68 Kembs
0%
X 54 Xeuilley
0%
Z 59 Zegerscappel
0%
Aucun quiz correspondant
Distribution des résultats
% des personnes avec chaque résultat
Percentile par nombre de réponses
Votre historique - résultats
Vous n’avez pas pris ce quiz